| 000 | 01086nam a2200253 a 4500 | ||
|---|---|---|---|
| 001 | 000027790 | ||
| 003 | DO-SdBNP | ||
| 005 | 20210826160244.0 | ||
| 007 | ta | ||
| 008 | 110404s1987 dr ab 000 0 spa | ||
| 040 |
_aDO-SdBNP _bspa _cBNPHU |
||
| 049 | _aBNPD | ||
| 082 | 4 |
_222 _a628.24 _bR426r |
|
| 110 | 0 | 1 |
_aRepública Dominicana. _bSecretaría de Estado de Obras Públicas y Comunicaciones, _bDirección General Reglamentos y Sistemas _954865 |
| 245 | 0 | 1 |
_aRecomendaciones provisionales para el diseño y construcción de sistemas de drenaje en carreteras. _bM-019 / _cSecretaría de Estado de Obras Públicas y Comunicaciones |
| 260 |
_aSanto Domingo : _bSecretaría de estado de Obras Públicas y Comunicaciones, _c1987. |
||
| 300 |
_a143 p. : _bil.; map. _c28 cm. |
||
| 590 | _aInventariado, 2021 / SA | ||
| 650 | 4 |
_937253 _aAlcanterillado _xDiseño y Construcción _zRepública Dominicana |
|
| 650 | 4 |
_aIngeniería sanitaria _xAlcantarillas _zRepública Dominicana _979600 |
|
| 700 | 1 |
_aVeloz de Guillermo, Mireya _eIngeniera _979602 |
|
| 910 | _aSaquino | ||
| 942 |
_2ddc _cLBS1 |
||
| 999 |
_c27282 _d27282 |
||